| 000 | 00982nam a2200265Ia 4500 | ||
|---|---|---|---|
| 003 | OSt | ||
| 005 | 20220923211016.0 | ||
| 006 | a|||||r|||| 00| 0 | ||
| 007 | ta | ||
| 008 | 220922b |||||||| |||| 00| 0 hin d | ||
| 020 |
_a8170554322 (hbk) _c325 |
||
| 024 | _a240,953 | ||
| 037 |
_b494, 04/03/2010, Vani Prakashan _cTextual |
||
| 040 |
_aARTS _cARTS _bhin |
||
| 041 |
_2hin _ahin |
||
| 082 | _aP152, M5;P6 | ||
| 100 |
_aझाल्टे, दंगल _9157118 |
||
| 245 | 0 |
_aप्रयोजनमूलक हिन्दी _b सिद्धान्त और प्रयोग |
|
| 246 | _aPrayojanamūlak hindī: siddhānta aur prayoga | ||
| 250 | _aद्वितीय संस्करण | ||
| 260 |
_aनयी दिल्ली _b वाणी प्रकाशन _c2006 |
||
| 300 |
_a253पृ. _ccm. |
||
| 942 |
_hP152, M5;P6 _cTEXL _2CC |
||
| 999 |
_c293875 _d293875 |
||